Gaming Quiz

Random Gaming or Board Games Quiz

Board Games by Number of Players Quiz Stats

 Plays Quiz Updated Mar 25, 2018

Challenge
Share
Tweet
Embed
Score 0/20 Timer 04:00
16 Plays Today
Question Answer Wrong Answers
Chess 2
96.3%
4
0.4%
6
0.2%
Checkers (Draughts) 2
95.4%
4
1.2%
6
0.4%
Battleship 2
94.9%
4
1.5%
6
0.5%
Connect Four 2
90.3%
4
6.5%
6
0.4%
Backgammon 2
89.6%
4
5.4%
6
1.9%
Hungry Hungry Hippos 4
88.5%
2
5.7%
6
2.8%
Sorry! 4
81.6%
2
5.2%
6
10.4%
Trouble (Frustration) 4
81%
2
7.6%
6
8.2%
Trivial Pursuit 6
79.4%
2
1.7%
4
15.7%
Guess Who? 2
78.2%
4
10.8%
6
7.9%
Othello (Reversi) 2
77.2%
4
14.6%
6
5%
Clue(do) 6
75.9%
2
2.2%
4
19%
Mouse Trap 4
71.6%
2
13.6%
6
11.8%
Candy Land 4
68.2%
2
7%
6
21.8%
Scattergories 6
66.8%
2
5.1%
4
25%
Mastermind 2
64.3%
4
22.2%
6
10.5%
Stratego (Classic) 2
63.7%
4
23.1%
6
10.1%
Scrabble 4
62.2%
2
17.4%
6
17.6%
Risk 6
59.1%
2
8.7%
4
29.2%
Go 2
55.7%
4
31.3%
6
9.8%

You're not logged in!

Compare scores with friends on all Sporcle quizzes.
Join for Free
OR
Log In

You Might Also Like...

Show Comments

Extras

Top Quizzes Today


Score Distribution

Your Account Isn't Verified!

In order to create a playlist on Sporcle, you need to verify the email address you used during registration. Go to your Sporcle Settings to finish the process.

Report this User

Report this user for behavior that violates our Community Guidelines.

Details: